• 首页
  • 本馆介绍
  • 公告通知
  • 最新文献
  • 馆藏检索
  • 电子资源
  • 读者导购
  • 参考咨询
  • 我的图书馆
  • 登录
  • 详细信息显示
  • 放入我的书架
  • 预约/预借图书
  • 作者相关作品
  • 分类相关作品
  • 丛书相关作品
  • 出版社相关作品

书目信息

  • 表格格式
  • 工作单格式
  • 卡片格式
题名:
原子与分子光谱导论
    
 
作者: 王国文 编著
分册:  
出版信息: 北京   北京大学出版社  1985
页数: 465页
开本: 20cm
丛书名:
单 册:
中图分类: O562.3
科图分类:
主题词: 原子光谱
电子资源:
ISBN:
000 00665nam0 2200241 45
001 0185010963
005 20050104113337.9
010    @dCNY3.60
091    @a13209.103
100    @a19900829d1985 em y0chiy0121 ea
101 0  @achi
102    @aCN@b110000
105    @ay z 000yy
200 10 @a原子与分子光谱导论@Ayuan zi yu fen zi guang pu dao lun@f王国文编著@FWang Guo Wen Bian Zhu
210    @a北京@c北京大学出版社@d1985
215    @a465页@d20cm
300    @a北京大学现代光学教程
606    @a原子光谱
690    @aO562.3@v3
701  0 @a王国文@4编著
801  0 @aCN@b深圳图书馆@c20040517
801  2 @aCN@bNLC@c20040517
905    @dO562.3@e25@f1@b166444
    
    原子与分子光谱导论/王国文编著.-北京:北京大学出版社,1985
    465页;20cm
    北京大学现代光学教程
    
    ISBN :CNY3.60
    
●
相关链接 在E读中查询图书 在五车中查询图书 在当当中查询图书 在豆瓣中查询图书


正题名:原子与分子光谱导论     索取号:O562.3/25         预约/预借

序号 登录号 条形码 馆藏地/架位号 状态 备注
1 0166444   001966411   第三借阅区/ [索取号:O562.3/25] 在馆    
2 0166445   001451495   第三借阅区/ [索取号:O562.3/25] 在馆    
3 0166446   001451468   第二样本阅览室/ [索取号:O562.3/25] 在馆    
唐山师范学院图书馆 欢迎您!
大连网信软件有限公司© 版权所有